[Event "World Youth & Cadets Rapid Championships"]
[Site "Rhodes, Greece"]
[Date "2022.05.01"]
[Round "3.10"]
[White "Seemann, Jakub"]
[Black "Toktomushev, Teimur"]
[Result "1-0"]
[TimeControl "10'/game & 5\"/move"]
[WhiteElo "1984"]
[BlackElo "1935"]

1. d4 {[%clk 00:10:08]} {[%emt 00:00:01]} d5 {[%clk 00:10:09]} {[%emt
00:00:02]} 2. c4 {[%clk 00:10:10]} e6 {[%clk 00:10:11]} {[%emt 00:00:04]} 3.
Nf3 {[%clk 00:10:12]} {[%emt 00:00:02]} Nf6 {[%clk 00:10:13]} {[%emt 00:00:05]}
4. g3 {[%clk 00:10:16]} {[%emt 00:00:01]} Bb4+ {[%clk 00:10:10]} {[%emt
00:00:07]} 5. Bd2 {[%clk 00:10:14]} {[%emt 00:00:07]} Be7 {[%clk 00:10:10]}
{[%emt 00:00:05]} 6. Bg2 {[%clk 00:10:14]} {[%emt 00:00:05]} O-O {[%clk
00:10:11]} {[%emt 00:00:04]} 7. O-O {[%clk 00:10:12]} {[%emt 00:00:06]} c6
{[%clk 00:10:03]} {[%emt 00:00:15]} 8. Qc2 {[%clk 00:10:14]} {[%emt 00:00:02]}
b6 {[%clk 00:10:04]} {[%emt 00:00:04]} 9. Rd1 {[%clk 00:10:13]} {[%emt
00:00:07]} Ba6 {[%clk 00:09:43]} {[%emt 00:00:25]} 10. b3 {[%clk 00:10:15]}
{[%emt 00:00:04]} Nbd7 {[%clk 00:09:12]} {[%emt 00:00:36]} 11. Bf4 {[%clk
00:10:11]} {[%emt 00:00:08]} Rc8 {[%clk 00:08:36]} {[%emt 00:00:41]} 12. Nc3
{[%clk 00:10:02]} {[%emt 00:00:13]} Bb7 {[%clk 00:05:55]} {[%emt 00:02:48]} 13.
e4 {[%clk 00:09:08]} {[%emt 00:00:59]} c5 {[%clk 00:04:10]} {[%emt 00:01:50]}
14. exd5 {[%clk 00:08:37]} {[%emt 00:00:35]} exd5 {[%clk 00:04:02]} {[%emt
00:00:14]} 15. Ne5 {[%clk 00:07:26]} {[%emt 00:01:15]} cxd4 {[%clk 00:03:55]}
{[%emt 00:00:13]} 16. Rxd4 {[%clk 00:07:27]} {[%emt 00:00:04]} Bc5 {[%clk
00:03:38]} {[%emt 00:00:22]} 17. Rd2 {[%clk 00:07:27]} {[%emt 00:00:04]} Nxe5
{[%clk 00:02:40]} {[%emt 00:01:04]} 18. Bxe5 {[%clk 00:07:31]} {[%emt
00:00:01]} Qe7 {[%clk 00:01:21]} {[%emt 00:01:24]} 19. Qf5 {[%clk 00:05:53]}
{[%emt 00:01:42]} Ng4 {[%clk 00:00:12]} {[%emt 00:01:15]} 20. Bd4 {[%clk
00:04:22]} {[%emt 00:01:37]} Nh6 {[%clk 00:00:08]} {[%emt 00:00:09]} 21. Qe5
{[%clk 00:02:46]} {[%emt 00:01:40]} Qxe5 {[%clk 00:00:07]} {[%emt 00:00:06]} 22.
Bxe5 {[%clk 00:02:50]} {[%emt 00:00:01]} Ng4 {[%clk 00:00:07]} {[%emt
00:00:05]} 23. Bd4 {[%clk 00:02:46]} {[%emt 00:00:08]} Bb4 {[%clk 00:00:07]}
{[%emt 00:00:06]} 24. a3 {[%clk 00:02:39]} {[%emt 00:00:12]} Bxc3 {[%clk
00:00:06]} {[%emt 00:00:06]} 25. Bxc3 {[%clk 00:02:42]} {[%emt 00:00:02]} Rfd8
{[%clk 00:00:07]} {[%emt 00:00:04]} 26. Rad1 {[%clk 00:02:27]} {[%emt
00:00:19]} Rc5 {[%clk 00:00:06]} {[%emt 00:00:07]} 27. Bb4 {[%clk 00:02:26]}
{[%emt 00:00:05]} Rc7 {[%clk 00:00:08]} {[%emt 00:00:04]} 28. cxd5 {[%clk
00:02:27]} {[%emt 00:00:04]} Nf6 {[%clk 00:00:07]} {[%emt 00:00:06]} 29. d6
{[%clk 00:02:29]} {[%emt 00:00:04]} Rcd7 {[%clk 00:00:10]} {[%emt 00:00:01]} 30.
Bh3 {[%clk 00:02:21]} {[%emt 00:00:11]} Bf3 {[%clk 00:00:14]} {[%emt 00:00:03]}
31. Rc1 {[%clk 00:02:12]} {[%emt 00:00:14]} Bg4 {[%clk 00:00:12]} {[%emt
00:00:07]} 32. Bxg4 {[%clk 00:01:45]} {[%emt 00:00:32]} Nxg4 {[%clk 00:00:17]}
{[%emt 00:00:01]} 33. a4 {[%clk 00:01:47]} {[%emt 00:00:03]} Ne5 {[%clk
00:00:11]} {[%emt 00:00:10]} 34. Kg2 {[%clk 00:01:50]} {[%emt 00:00:02]} f6
{[%clk 00:00:13]} {[%emt 00:00:03]} 35. Rc7 {[%clk 00:01:31]} {[%emt 00:00:22]}
Kf7 {[%clk 00:00:11]} {[%emt 00:00:09]} 36. f4 {[%clk 00:01:25]} {[%emt
00:00:11]} Ng6 {[%clk 00:00:09]} {[%emt 00:00:06]} 37. Re2 {[%clk 00:01:12]}
{[%emt 00:00:18]} Rxc7 {[%clk 00:00:07]} {[%emt 00:00:07]} 38. dxc7 {[%clk
00:01:16]} {[%emt 00:00:01]} Rc8 {[%clk 00:00:11]} {[%emt 00:00:01]} 39. Bd6
{[%clk 00:01:20]} {[%emt 00:00:02]} h5 {[%clk 00:00:07]} {[%emt 00:00:09]} 40.
Kf3 {[%clk 00:01:20]} {[%emt 00:00:05]} h4 {[%clk 00:00:07]} {[%emt 00:00:05]}
41. gxh4 {[%clk 00:01:14]} {[%emt 00:00:11]} Nxh4+ {[%clk 00:00:09]} {[%emt
00:00:03]} 42. Kg4 {[%clk 00:01:16]} Ng6 {[%clk 00:00:12]} {[%emt 00:00:04]} 43.
h4 {[%clk 00:01:18]} {[%emt 00:00:03]} f5+ {[%clk 00:00:07]} {[%emt 00:00:11]}
44. Kg5 {[%clk 00:01:17]} {[%emt 00:00:05]} Nh8 {[%clk 00:00:06]} {[%emt
00:00:07]} 45. Re7+ {[%clk 00:01:19]} {[%emt 00:00:02]} Kg8 {[%clk 00:00:10]}
{[%emt 00:00:01]} 46. Rd7 {[%clk 00:01:14]} {[%emt 00:00:10]} Nf7+ {[%clk
00:00:13]} {[%emt 00:00:02]} 47. Kg6 {[%clk 00:01:18]} Nh8+ {[%clk 00:00:06]}
{[%emt 00:00:13]} 48. Kxf5 {[%clk 00:01:19]} {[%emt 00:00:03]} Nf7 {[%clk
00:00:10]} {[%emt 00:00:01]} 49. Ke6 {[%clk 00:01:19]} {[%emt 00:00:05]} Re8+
{[%clk 00:00:09]} {[%emt 00:00:06]} 50. Re7 {[%clk 00:01:23]} {[%emt 00:00:01]}
Rf8 {[%clk 00:00:06]} {[%emt 00:00:09]} 51. Rxf7 {[%clk 00:01:26]} {[%emt
00:00:02]} 1-0

[Event "World Youth & Cadets Rapid Championships"]
[Site "Rhodes, Greece"]
[Date "2022.05.01"]
[Round "3.11"]
[White "Lavrencic, Matic"]
[Black "Morkunas, Gustas"]
[Result "0-1"]
[TimeControl "10'/game & 5\"/move"]
[WhiteElo "1917"]
[BlackElo "1955"]

1. e4 {[%clk 00:10:06]} {[%emt 00:00:04]} c5 {[%clk 00:10:08]} {[%emt
00:00:02]} 2. Nf3 {[%clk 00:10:08]} {[%emt 00:00:02]} e6 {[%clk 00:10:11]}
{[%emt 00:00:02]} 3. d4 {[%clk 00:10:11]} {[%emt 00:00:02]} cxd4 {[%clk
00:10:15]} {[%emt 00:00:02]} 4. Nxd4 {[%clk 00:10:14]} {[%emt 00:00:02]} a6
{[%clk 00:10:18]} {[%emt 00:00:01]} 5. Bd3 {[%clk 00:10:06]} {[%emt 00:00:13]}
Bc5 {[%clk 00:10:20]} {[%emt 00:00:04]} 6. Nb3 {[%clk 00:10:09]} {[%emt
00:00:02]} Be7 {[%clk 00:10:22]} {[%emt 00:00:02]} 7. Qg4 {[%clk 00:10:11]}
{[%emt 00:00:04]} g6 {[%clk 00:10:23]} {[%emt 00:00:04]} 8. Qe2 {[%clk
00:10:10]} {[%emt 00:00:06]} d6 {[%clk 00:10:26]} {[%emt 00:00:02]} 9. O-O
{[%clk 00:10:11]} {[%emt 00:00:04]} Nd7 {[%clk 00:10:29]} {[%emt 00:00:02]} 10.
Nc3 {[%clk 00:09:59]} {[%emt 00:00:17]} Qc7 {[%clk 00:10:24]} {[%emt 00:00:10]}
11. Be3 {[%clk 00:09:57]} {[%emt 00:00:07]} b6 {[%clk 00:10:07]} {[%emt
00:00:22]} 12. f4 {[%clk 00:09:54]} {[%emt 00:00:08]} Ngf6 {[%clk 00:09:22]}
{[%emt 00:00:50]} 13. Bd4 {[%clk 00:08:30]} {[%emt 00:01:29]} e5 {[%clk
00:08:13]} {[%emt 00:01:13]} 14. Be3 {[%clk 00:08:23]} {[%emt 00:00:13]} exf4
{[%clk 00:06:51]} {[%emt 00:01:28]} 15. Bxf4 {[%clk 00:08:20]} {[%emt
00:00:07]} O-O {[%clk 00:06:34]} {[%emt 00:00:22]} 16. h3 {[%clk 00:08:05]}
{[%emt 00:00:20]} Ne5 {[%clk 00:06:24]} {[%emt 00:00:15]} 17. Qf2 {[%clk
00:07:54]} {[%emt 00:00:16]} Bb7 {[%clk 00:05:39]} {[%emt 00:00:51]} 18. Be3
{[%clk 00:07:28]} {[%emt 00:00:30]} Nfd7 {[%clk 00:05:01]} {[%emt 00:00:43]} 19.
Nd4 {[%clk 00:06:41]} {[%emt 00:00:51]} Bf6 {[%clk 00:04:27]} {[%emt 00:00:40]}
20. a4 {[%clk 00:06:16]} {[%emt 00:00:29]} Bg7 {[%clk 00:04:21]} {[%emt
00:00:12]} 21. Qe2 {[%clk 00:05:51]} {[%emt 00:00:30]} Nc5 {[%clk 00:04:06]}
{[%emt 00:00:20]} 22. Rac1 {[%clk 00:05:42]} {[%emt 00:00:14]} Qd7 {[%clk
00:03:31]} {[%emt 00:00:40]} 23. b3 {[%clk 00:05:10]} {[%emt 00:00:38]} Rac8
{[%clk 00:03:20]} {[%emt 00:00:15]} 24. Bc4 {[%emt 00:00:57]} Nxc4 {[%clk
00:03:11]} 25. bxc4 {[%clk 00:04:30]} {[%emt 00:00:06]} Nxe4 {[%clk 00:03:01]}
{[%emt 00:00:15]} 26. Nd5 {[%clk 00:04:12]} {[%emt 00:00:22]} Bxd5 {[%clk
00:02:43]} {[%emt 00:00:23]} 27. cxd5 {[%clk 00:04:16]} {[%emt 00:00:02]} Nc3
{[%clk 00:02:47]} {[%emt 00:00:02]} 28. Qxa6 {[%clk 00:04:05]} {[%emt
00:00:15]} Nxd5 {[%clk 00:02:50]} {[%emt 00:00:01]} 29. Bf2 {[%clk 00:04:04]}
{[%emt 00:00:07]} Ra8 {[%clk 00:02:38]} {[%emt 00:00:17]} 30. Qc4 {[%clk
00:04:06]} {[%emt 00:00:02]} Nf4 {[%clk 00:02:20]} {[%emt 00:00:25]} 31. Nb5
{[%clk 00:03:53]} {[%emt 00:00:18]} Be5 {[%clk 00:02:04]} {[%emt 00:00:20]} 32.
Bxb6 {[%clk 00:02:53]} {[%emt 00:01:05]} Qb7 {[%clk 00:01:52]} {[%emt
00:00:18]} 33. Rxf4 {[%clk 00:02:33]} {[%emt 00:00:25]} Bxf4 {[%clk 00:01:23]}
{[%emt 00:00:34]} 34. Qxf4 {[%clk 00:02:16]} {[%emt 00:00:22]} Qxb6+ {[%clk
00:01:26]} 35. Kh1 {[%clk 00:02:18]} {[%emt 00:00:02]} d5 {[%clk 00:01:13]}
{[%emt 00:00:19]} 36. Rf1 {[%clk 00:02:07]} {[%emt 00:00:16]} Rad8 {[%clk
00:00:59]} {[%emt 00:00:19]} 37. c3 {[%clk 00:01:55]} {[%emt 00:00:17]} Qc5
{[%clk 00:00:54]} {[%emt 00:00:10]} 38. Qf6 {[%clk 00:01:33]} {[%emt 00:00:27]}
Qc4 {[%clk 00:00:38]} {[%emt 00:00:22]} 39. Rf4 {[%clk 00:01:22]} {[%emt
00:00:15]} Qe2 {[%clk 00:00:32]} {[%emt 00:00:11]} 40. Nd4 {[%clk 00:01:13]}
{[%emt 00:00:14]} Qe1+ {[%clk 00:00:17]} {[%emt 00:00:20]} 41. Kh2 {[%clk
00:01:17]} {[%emt 00:00:01]} Qxc3 {[%clk 00:00:19]} {[%emt 00:00:04]} 42. a5
{[%clk 00:01:10]} {[%emt 00:00:10]} Qc7 {[%clk 00:00:11]} {[%emt 00:00:13]} 43.
Nc6 {[%clk 00:00:28]} {[%emt 00:00:48]} Rd7 {[%clk 00:00:08]} {[%emt 00:00:08]}
44. a6 {[%clk 00:00:13]} {[%emt 00:00:20]} Qd6 {[%clk 00:00:11]} {[%emt
00:00:02]} 45. Qxd6 {[%emt 00:00:10]} Rxd6 {[%clk 00:00:14]} 46. Ra4 {[%clk
00:00:06]} {[%emt 00:00:08]} Rxc6 {[%clk 00:00:17]} {[%emt 00:00:02]} 0-1

[Event "World Youth & Cadets Rapid Championships"]
[Site "Rhodes, Greece"]
[Date "2022.05.01"]
[Round "3.12"]
[White "Podolskyi, Mykhailo"]
[Black "Sapenov, Daniyal"]
[Result "1-0"]
[TimeControl "10'/game & 5\"/move"]
[WhiteElo "1948"]
[BlackElo "1848"]

1. d4 {[%clk 00:10:06]} {[%emt 00:00:04]} Nf6 {[%clk 00:10:08]} {[%emt
00:00:02]} 2. c4 {[%clk 00:10:06]} {[%emt 00:00:05]} e6 {[%clk 00:10:11]}
{[%emt 00:00:02]} 3. Nf3 {[%clk 00:10:02]} {[%emt 00:00:08]} b6 {[%clk
00:10:12]} {[%emt 00:00:05]} 4. a3 {[%clk 00:09:57]} {[%emt 00:00:09]} Bb7
{[%clk 00:10:04]} {[%emt 00:00:13]} 5. Nc3 {[%clk 00:09:59]} {[%emt 00:00:03]}
d5 {[%clk 00:09:54]} {[%emt 00:00:15]} 6. Bg5 {[%clk 00:08:59]} {[%emt
00:01:04]} dxc4 {[%clk 00:08:33]} {[%emt 00:01:28]} 7. e3 {[%clk 00:08:41]}
{[%emt 00:00:23]} Be7 {[%clk 00:08:32]} {[%emt 00:00:05]} 8. Bxc4 {[%clk
00:08:27]} {[%emt 00:00:20]} O-O {[%clk 00:08:24]} {[%emt 00:00:13]} 9. O-O
{[%clk 00:07:32]} {[%emt 00:00:58]} Nbd7 {[%clk 00:08:19]} {[%emt 00:00:11]} 10.
Qe2 {[%clk 00:06:43]} {[%emt 00:00:54]} a6 {[%clk 00:07:58]} {[%emt 00:00:27]}
11. Rfd1 {[%clk 00:06:27]} {[%emt 00:00:21]} h6 {[%clk 00:07:45]} {[%emt
00:00:17]} 12. Bf4 {[%clk 00:05:23]} {[%emt 00:01:09]} Bd6 {[%clk 00:06:57]}
{[%emt 00:00:53]} 13. Ne5 {[%clk 00:04:36]} {[%emt 00:00:53]} Qe7 {[%clk
00:06:28]} {[%emt 00:00:34]} 14. Rac1 {[%clk 00:04:13]} {[%emt 00:00:28]} Rfd8
{[%clk 00:05:21]} {[%emt 00:01:12]} 15. h3 {[%clk 00:02:54]} {[%emt 00:01:24]}
c5 {[%clk 00:03:47]} {[%emt 00:01:38]} 16. Nxd7 {[%clk 00:01:33]} {[%emt
00:01:26]} Rxd7 {[%clk 00:03:49]} {[%emt 00:00:04]} 17. Bxd6 {[%clk 00:01:09]}
{[%emt 00:00:29]} Rxd6 {[%clk 00:03:52]} {[%emt 00:00:02]} 18. dxc5 {[%clk
00:00:44]} {[%emt 00:00:30]} Rxd1+ {[%clk 00:03:56]} {[%emt 00:00:01]} 19. Qxd1
{[%clk 00:00:35]} {[%emt 00:00:14]} Qxc5 {[%clk 00:03:49]} {[%emt 00:00:12]} 20.
Na4 {[%clk 00:00:19]} {[%emt 00:00:21]} Qg5 {[%clk 00:03:21]} {[%emt 00:00:33]}
21. Bf1 {[%clk 00:00:20]} {[%emt 00:00:04]} Nd5 {[%clk 00:02:56]} {[%emt
00:00:30]} 22. Qb3 {[%clk 00:00:09]} {[%emt 00:00:15]} b5 {[%clk 00:02:34]}
{[%emt 00:00:28]} 23. Nc5 {[%clk 00:00:12]} {[%emt 00:00:03]} Rc8 {[%clk
00:01:43]} {[%emt 00:00:56]} 24. Rc2 {[%clk 00:00:14]} {[%emt 00:00:02]} Qe7
{[%clk 00:00:59]} {[%emt 00:00:49]} 25. Nxb7 {[%clk 00:00:14]} {[%emt
00:00:06]} Rxc2 {[%clk 00:01:02]} 26. Qxc2 {[%clk 00:00:17]} {[%emt 00:00:02]}
Qxb7 {[%clk 00:01:06]} 27. g3 {[%clk 00:00:10]} {[%emt 00:00:13]} Nf6 {[%clk
00:00:58]} {[%emt 00:00:13]} 28. Bg2 {[%clk 00:00:13]} {[%emt 00:00:02]} Qb6
{[%clk 00:01:02]} {[%emt 00:00:01]} 29. b4 {[%clk 00:00:10]} {[%emt 00:00:08]}
a5 {[%clk 00:00:38]} {[%emt 00:00:29]} 30. Qc6 {[%clk 00:00:07]} {[%emt
00:00:07]} Qxc6 {[%clk 00:00:37]} {[%emt 00:00:06]} 31. Bxc6 {[%clk 00:00:10]}
{[%emt 00:00:03]} axb4 {[%clk 00:00:41]} 32. axb4 {[%clk 00:00:12]} {[%emt
00:00:03]} Kf8 {[%clk 00:00:41]} {[%emt 00:00:05]} 33. e4 {[%clk 00:00:09]}
{[%emt 00:00:08]} Ke7 {[%clk 00:00:42]} {[%emt 00:00:04]} 34. f3 {[%clk
00:00:12]} {[%emt 00:00:02]} Kd6 {[%clk 00:00:39]} {[%emt 00:00:08]} 35. Bxb5
{[%clk 00:00:15]} {[%emt 00:00:02]} Ke5 {[%clk 00:00:44]} 36. Kf2 {[%clk
00:00:15]} {[%emt 00:00:04]} Kd4 {[%clk 00:00:47]} {[%emt 00:00:02]} 37. Bc6
{[%clk 00:00:08]} {[%emt 00:00:11]} Ng8 {[%clk 00:00:48]} {[%emt 00:00:04]} 38.
Be8 {[%clk 00:00:10]} {[%emt 00:00:03]} f6 {[%clk 00:00:52]} {[%emt 00:00:02]}
39. Bf7 {[%clk 00:00:14]} Ne7 {[%clk 00:00:55]} {[%emt 00:00:02]} 40. Bxe6
{[%clk 00:00:18]} {[%emt 00:00:01]} g5 {[%clk 00:00:51]} {[%emt 00:00:09]} 41.
Bd7 {[%clk 00:00:12]} {[%emt 00:00:11]} Ng6 {[%clk 00:00:53]} {[%emt 00:00:03]}
42. b5 {[%clk 00:00:11]} {[%emt 00:00:06]} Kc5 {[%clk 00:00:57]} 43. Ke3 {[%clk
00:00:13]} {[%emt 00:00:03]} Ne5 {[%clk 00:01:01]} {[%emt 00:00:01]} 44. Be8
{[%clk 00:00:15]} {[%emt 00:00:03]} Nc4+ {[%clk 00:01:05]} {[%emt 00:00:02]} 45.
Kd3 {[%clk 00:00:11]} {[%emt 00:00:08]} Ne5+ {[%clk 00:01:02]} {[%emt
00:00:07]} 46. Ke2 {[%clk 00:00:16]} Nc4 {[%clk 00:01:07]} 47. f4 {[%clk
00:00:15]} {[%emt 00:00:06]} Nd6 {[%clk 00:01:05]} {[%emt 00:00:07]} 48. Bc6
{[%clk 00:00:18]} Nc4 {[%clk 00:00:52]} {[%emt 00:00:17]} 49. Kf3 {[%clk
00:00:19]} {[%emt 00:00:05]} Kd4 {[%clk 00:00:56]} {[%emt 00:00:01]} 50. Kg4
{[%clk 00:00:17]} {[%emt 00:00:07]} Ke3 {[%clk 00:00:50]} {[%emt 00:00:11]} 51.
Kf5 {[%clk 00:00:14]} {[%emt 00:00:08]} Nd6+ {[%clk 00:00:18]} {[%emt
00:00:37]} 52. Kxf6 {[%clk 00:00:14]} {[%emt 00:00:05]} gxf4 {[%clk 00:00:22]}
{[%emt 00:00:01]} 53. gxf4 {[%clk 00:00:18]} {[%emt 00:00:01]} Kxf4 {[%clk
00:00:26]} 54. e5 {[%clk 00:00:22]} {[%emt 00:00:02]} 1-0